Т. 12 : Тектоника активизированных областей; Тектоника Сибири

מידע ביבליוגרפי
Parent link:Тектоника Сибири=Tectonics of Siberia: [сборник статей]/ Академия наук СССР, Сибирское отделение, Научный совет по тектонике Сибири и Дальнего Востока. Т. 12 : Тектоника активизированных областей.— , 1970-1980
מחברים אחרים: Боголепов К. В. Константин Владимирович (редактор), Борукаев Ч. Б., Рутштейн И. Г.
שפה:רוסית
יצא לאור: 1985
נושאים:
פורמט: ספר
KOHA link:https://koha.lib.tpu.ru/cgi-bin/koha/opac-detail.pl?biblionumber=286728

MARC

LEADER 00000nam2a2200000 4500
001 286728
005 20231101235924.0
020 |a RU  |b 85-28990ж 
035 |a (RuTPU)RU\TPU\book\311063 
090 |a 286728 
100 |a 20150310d1985 k y0rusy5003 ca 
101 0 |a rus 
102 |a RU 
105 |a a z 001zy 
200 0 |a Т. 12 : Тектоника активизированных областей  |f отв. ред. К. В. Боголепов , Ч. Б. Борукаев , И. Г. Рутштейн 
210 |d 1985 
215 |d 27 см  |a 170 с.  |c ил. 
320 |a Библиография в конце статей 
461 1 |0 (RuTPU)RU\TPU\book\50023  |t Тектоника Сибири  |l Tectonics of Siberia  |o [сборник статей]  |f Академия наук СССР, Сибирское отделение, Научный совет по тектонике Сибири и Дальнего Востока  |v Т. 12 : Тектоника активизированных областей  |d 1970-1980 
606 1 |a Тектоника  |y Сибирь  |2 stltpush  |3 (RuTPU)RU\TPU\subj\72085  |9 85672 
610 1 |a Монголо-Охотский пояс 
610 1 |a Алдано-Становая область 
610 1 |a глубинное строение 
610 1 |a магматизм 
610 1 |a металлогения 
610 1 |a активизированные области 
675 |a 551.24(571.1/.5)  |z rus  |v 4 
702 1 |a Боголепов  |b К. В.  |g Константин Владимирович  |4 340 
702 1 |a Борукаев  |b Ч. Б.  |4 340 
702 1 |a Рутштейн  |b И. Г.  |4 340 
801 0 |a RU  |b RuMRKP  |c 19950704  |g psbo 
801 1 |a RU  |b 63413507  |c 20150310 
801 2 |a RU  |b 63413507  |c 20180110  |g RCR 
942 |c BK